Siker Budapesten
Elmentve itt :
| Dokumentumtípus: | Cikk |
|---|---|
| Megjelent: |
1967-05-16
|
| Sorozat: | Délmagyarország
57 No. 113 |
| Kulcsszavak: | Kovács Miklós, Szegváry Menyhért, Szaniszló János, Amatőr színjátszás Szeged 1967, amatőr színpadok |
| Online Access: | http://dmarchiv.bibl.u-szeged.hu/75338 |
| LEADER | 00483nab a2200145 i 4500 | ||
|---|---|---|---|
| 001 | delm75338 | ||
| 005 | 20180928084323.0 | ||
| 008 | 180928s1967 hu o 0|| hun d | ||
| 040 | |a SZTE Délmagyarország Archívum |b hun | ||
| 041 | |a hun | ||
| 245 | 0 | 0 | |a Siker Budapesten |h [elektronikus dokumentum] |
| 260 | |c 1967-05-16 | ||
| 300 | |a 5 | ||
| 490 | 0 | |a Délmagyarország |v 57 No. 113 | |
| 695 | |a Kovács Miklós, Szegváry Menyhért, Szaniszló János, Amatőr színjátszás Szeged 1967, amatőr színpadok | ||